000 01306cam a22003131 4500
999 _c130161
_d130161
001 7455732
003 ARRUPE
005 20200122091935.0
008 720821s1955 enka 000 0beng
010 _a 55002689
015 _aGB55-3054
035 _a(OCoLC)385622
040 _aDLC
_cOKentU
_dOCoLC
_dUk
_dDLC
050 0 0 _aDA522.D5
_bS85 1955
082 _a920.7
100 1 _aStuart, Dorothy Margaret.
_948985
245 1 0 _aDearest Bess;
_bthe life and times of Lady Elizabeth Foster, afterwards Duchess of Devonshire, from her unpublished journals and correspondence.
_cDorothy Margaret Stuart
260 _aLondon,
_bMethuen
_c[1955]
300 _a266 p.
_billus.
_c23 cm.
600 1 0 _aDevonshire, Elizabeth Cavendish,
_cDuchess of,
_d1758-1824.
_948986
600 1 0 _aDevonshire, William Cavendish,
_cDuke of,
_d1748-1811
_xMarriage.
_948987
650 0 _aMistresses
_zGreat Britain
_vBiography.
_948988
650 0 _aNobility
_zGreat Britain
_vBiography.
_948970
651 0 _aGreat Britain
_xHistory
_yGeorge III, 1760-1820
_vBiography.
_948989
651 0 _aGreat Britain
_xSocial life and customs
_y18th century
_ySources.
_948990
651 0 _aGreat Britain
_xSocial life and customs
_y19th century
_vSources.
_948991
906 _a7
_bcbc
_coclcrpl
_du
_encip
_f19
_gy-gencatlg
942 _2lcc
_cMONOGRAPH